000 00636nam a2200253Ia 4500
003 OSt
005 20221005052515.0
006 a|||||r|||| 00| 0
007 ta
008 221004b |||||||| |||| 00| 0 eng d
024 _a50920
037 _cTextual
040 _aCRL
_cCRL
_beng
041 _2eng
_aeng
082 _aQ4k, K2;M4
100 _aHumphreys Christmas
245 0 _aPopular dictionary of Buddhism
250 _a3rd
260 _aLondon
_bCurzon
_c1984
300 _a224p.
_ccm.
650 _aRELIGION
942 _hQ4k, K2;M4
_cTEXL
_2cc
999 _c960510
_d960510